Introduction to Robotics Mechanics and Control (Record no. 14962)

MARC details
000 -LEADER
fixed length control field 00420nam a2200169Ia 4500
005 - DATE AND TIME OF LATEST TRANSACTION
control field 20230720131802.0
008 - FIXED-LENGTH DATA ELEMENTS--GENERAL INFORMATION
fixed length control field 230720b |||||||| |||| 00| 0 eng d
082 ## - DEWEY DECIMAL CLASSIFICATION NUMBER
Classification number 629.892
Item number CRA
100 ## - MAIN ENTRY--AUTHOR NAME
Personal name John J.Craig
245 ## - TITLE STATEMENT
Title Introduction to Robotics Mechanics and Control
250 ## - EDITION STATEMENT
Edition statement 1st
260 ## - PUBLICATION, DISTRIBUTION, ETC. (IMPRINT)
Place of publication New Delhi
Name of publisher Pearson
Year of publication 2003
300 ## - PHYSICAL DESCRIPTION
Number of Pages 450
500 ## - GENERAL NOTE
General note Quantity - 2
650 ## - SUBJECT ADDED ENTRY--TOPICAL TERM
Topical Term Electronics
942 ## - ADDED ENTRY ELEMENTS (KOHA)
Koha item type Books
Holdings
Lost status Damaged status Permanent Location Current Location Shelving location Date acquired Full call number Accession Number Koha item type
    Central Library, Trident Academy of Technology Central Library, Trident Academy of Technology General Stacks 05/24/2023 629.892 CRA 6020 Books
    Central Library, Trident Academy of Technology Central Library, Trident Academy of Technology General Stacks 05/24/2023 629.892 CRA 6021 Books
Trident Academy of Technology © 2023.
All rights reserved.                                                                                                                                                                                                        Designed by Team of Central Library .

Powered by Koha